000
00288nam a22001337a 4500
008
171127b xxu||||| |||| 00| 0 eng d
020
_a
9781457608018
041
_a
eng
080
_a
37
100
_a
46
101
_a
EDU
245
_a
THE BEDFORD HANDBOOK
_c
HACKER, D
942
_2
udc
_c
BK
999
_c
38575
_d
38575